00353nam a2200121 a 45000010005000000030005000050050017000100080041000270400020000681000030000882450093001182600020002113161CDMR20130312183319.0130130s1971||||||||||||||||||||||||||||d aCDMRbcatcCDMR1 aMiravitlles Pous, Ramón10aPolítica internacional en Diario de Barcelona y Tele/ExpresscRamón Miravitlles Pous aBarcelonac1971